000 00736nam a2200241Ia 4500
003 OSt
005 20220925211335.0
006 a|||||r|||| 00| 0
007 ta
008 220923b |||||||| |||| 00| 0 eng d
037 _cGeneral Book
040 _aRTL
_cRTL
_beng
041 _2eng
_aeng
082 _aV44Q7:19.1.N6, L0
100 _aChaudhuri Mohammed Ahsen
_9274392
245 0 _aPakistan and the great powers.
260 _aKarachi
_bCouncil for Pakistan Studies
_c1970
300 _a140p
_ccm.
490 _aCouncil for Pakistan Studies, Publication
650 _aForeign Policy Pakistan
_9233299
942 _hV44Q7:19.1.N6, L0
_cGB
_2CC
999 _c557402
_d557402